Le meilleur buteur de chaque Euro - Statistiques

Statistiques générales
  • Ce quiz a été pris 84 fois
  • Le résultat moyen est 14 sur 37
Statistiques - réponses
Années Buts Nationalités Joueurs % Correct
2012 3 Portugal Cristiano Ronaldo
96%
2020 5 Portugal Cristiano Ronaldo
96%
2016 6 France Antoine Griezmann
90%
1976 4 RFA Dieter Müller
84%
1972 4 RFA Gerd Müller
84%
2012 3 Espagne Fernando Torres
79%
2008 4 Espagne David Villa
71%
1984 9 France Michel Platini
70%
2024 3 Géorgie Georges Mikautadze
67%
2020 5 République Tchèque Patrik Schick
66%
1988 5 Pays-Bas Marco van Basten
62%
2012 3 Italie Mario Balotelli
55%
2012 3 Croatie Mario Mandžukić
49%
2024 3 Pays-Bas Cody Gakpo
47%
2024 3 Allemagne Jamal Musiala
47%
2000 5 Pays-Bas Patrick Kluivert
42%
1996 5 Angleterre Alan Shearer
40%
2024 3 Espagne Dani Olmo
37%
2012 3 Allemagne Mario Gómez
37%
1992 3 Pays-Bas Dennis Bergkamp
30%
2004 5 République Tchèque Milan Baroš
25%
1992 3 Suède Tomas Brolin
15%
1992 3 Danemark Henrik Larsen
10%
2000 5 Yougoslavie Savo Milošević
10%
2024 3 Slovaquie Ivan Schranz
7%
1964 2 Hongrie Ferenc Bene
5%
1960 2 France François Heutte
5%
1992 3 Allemagne Karl-Heinz Riedle
5%
2012 3 Russie Alan Dzagoïev
4%
1968 2 Yougoslavie Dragan Džajić
4%
1960 2 Yougoslavie Dražan Jerković
3%
1980 3 RFA Klaus Allofs
3%
1960 2 URSS Valentin Ivanov
3%
1960 2 URSS Viktor Ponedelnik
3%
1964 2 Hongrie Dezső Novák
1%
1964 2 Espagne Jesús María Pereda
1%
1960 2 Yougoslavie Milan Galić
1%
Aucun quiz correspondant
Distribution des résultats
% des personnes avec chaque résultat
Percentile par nombre de réponses
Votre historique - résultats
Vous n’avez pas pris ce quiz